<?xml version="1.0" encoding="UTF-8"?>
<record
    xmlns:xsi="http://www.w3.org/2001/XMLSchema-instance"
    xsi:schemaLocation="http://www.loc.gov/MARC21/slim http://www.loc.gov/standards/marcxml/schema/MARC21slim.xsd"
    xmlns="http://www.loc.gov/MARC21/slim">

  <leader>01405nam a22003255i 4500</leader>
  <controlfield tag="001">150975</controlfield>
  <controlfield tag="003">ES-MaACL</controlfield>
  <controlfield tag="005">20240613093836.0</controlfield>
  <controlfield tag="007">t|</controlfield>
  <controlfield tag="008">071123s2007    sp           ||||1| spa d</controlfield>
  <datafield tag="020" ind1=" " ind2=" ">
    <subfield code="a">978-84-672-2366-8 (C&#xED;rculo de Lectores)</subfield>
  </datafield>
  <datafield tag="020" ind1=" " ind2=" ">
    <subfield code="a">978-84-8109-648-4(Galaxia Gutenberg)</subfield>
  </datafield>
  <datafield tag="080" ind1=" " ind2=" ">
    <subfield code="a">821.134.2-31"19"</subfield>
  </datafield>
  <datafield tag="100" ind1="1" ind2=" ">
    <subfield code="a">Ayala, Francisco,</subfield>
    <subfield code="d">1906-2009</subfield>
    <subfield code="9">24111</subfield>
  </datafield>
  <datafield tag="245" ind1="1" ind2="0">
    <subfield code="a">Obras completas / </subfield>
    <subfield code="c">Francisco Ayala ; edici&#xF3;n de Carolyn Richmond ; con la colaboraci&#xF3;n de la Fundaci&#xF3;n Francisco Ayala.</subfield>
  </datafield>
  <datafield tag="260" ind1=" " ind2=" ">
    <subfield code="a">Barcelona : </subfield>
    <subfield code="b">Galaxia Gutenberg, </subfield>
    <subfield code="c">2007-</subfield>
  </datafield>
  <datafield tag="300" ind1=" " ind2=" ">
    <subfield code="a">5 v. ; </subfield>
    <subfield code="c">21 cm.</subfield>
  </datafield>
  <datafield tag="490" ind1="1" ind2=" ">
    <subfield code="a">Opera mundi</subfield>
  </datafield>
  <datafield tag="500" ind1=" " ind2=" ">
    <subfield code="a">&#xCD;ndices.</subfield>
  </datafield>
  <datafield tag="505" ind1="8" ind2=" ">
    <subfield code="a">Contiene: I. Narrativa / edici&#xF3;n y pr&#xF3;logo de Carolyn Richmond .- II. Autobriograf&#xED;a(s) / pr&#xF3;logo de Luis Garc&#xED;a Montero.- III. Estudios literarios / pr&#xF3;logo de Ricardo Senabre. - IV. Sociolog&#xED;a y ciencias sociales / pr&#xF3;logo de Salvador Giner. - V. Ensayos pol&#xED;ticos y sociol&#xF3;gicos / pr&#xF3;logo de Pedro Cerezo Gal&#xE1;n</subfield>
  </datafield>
  <datafield tag="700" ind1="1" ind2=" ">
    <subfield code="a">Richmond, Carolyn.</subfield>
    <subfield code="9">96962</subfield>
  </datafield>
  <datafield tag="700" ind1="1" ind2=" ">
    <subfield code="a">Senabre, Ricardo.</subfield>
    <subfield code="9">105434</subfield>
  </datafield>
  <datafield tag="700" ind1="1" ind2=" ">
    <subfield code="a">Giner, Salvador.</subfield>
    <subfield code="9">57117</subfield>
  </datafield>
  <datafield tag="700" ind1="0" ind2=" ">
    <subfield code="a">Cerezo Gal&#xE1;n, Pedro,</subfield>
    <subfield code="d">1935-</subfield>
    <subfield code="9">37504</subfield>
  </datafield>
  <datafield tag="700" ind1="1" ind2=" ">
    <subfield code="a">Garc&#xED;a Montero, Luis,</subfield>
    <subfield code="d">1958-</subfield>
    <subfield code="9">54978</subfield>
  </datafield>
  <datafield tag="710" ind1="2" ind2=" ">
    <subfield code="a">Fundaci&#xF3;n Francisco Ayala.</subfield>
    <subfield code="9">4309</subfield>
  </datafield>
  <datafield tag="830" ind1="0" ind2=" ">
    <subfield code="a">Opera mundi</subfield>
    <subfield code="9">180669</subfield>
  </datafield>
  <datafield tag="852" ind1="4" ind2=" ">
    <subfield code="a">ES-MaACL</subfield>
    <subfield code="j">P-1997</subfield>
  </datafield>
  <datafield tag="999" ind1=" " ind2=" ">
    <subfield code="c">150975</subfield>
    <subfield code="d">150975</subfield>
  </datafield>
  <datafield tag="952" ind1=" " ind2=" ">
    <subfield code="0">0</subfield>
    <subfield code="1">0</subfield>
    <subfield code="4">0</subfield>
    <subfield code="7">0</subfield>
    <subfield code="a">ATENEOM</subfield>
    <subfield code="b">ATENEOM</subfield>
    <subfield code="c">DEPO2</subfield>
    <subfield code="d">2008-01-17</subfield>
    <subfield code="e">SC</subfield>
    <subfield code="l">0</subfield>
    <subfield code="o">P-1997</subfield>
    <subfield code="p">1157540</subfield>
    <subfield code="r">2023-02-23 00:00:00</subfield>
    <subfield code="w">2023-02-23</subfield>
    <subfield code="y">MONOGRAFIA</subfield>
  </datafield>
</record>
